01567nam a2200325 i 4500003000900000005001700009008004100026040004600067041000800113082002900121092000700150099004400157100005900201245023900260250003200499264006300531300003000594336002200624337002400646338003300670504010800703546004100811650009800852651001000950856005700960905000701017942001901024999001701043952018101060EG-GICUC20260121101532.0251222m14222002ua ||||fr|||| 00| 0 ara d a EG-GICUCbarac EG-GICUCd EG-GICUCerda0 aara04221a345.4551bر ف . و04221 aLaw1 07 345.4551 ن ص . ن 2 ed - 20020 aنصر الدين مصباح القاضىeمؤلف.12aالنظرية العامة للتأديب فى الوظيفة العامة :bدراسة موازنة فى القانون الليبى والمصرى والشريعة الاسلامية /cنصر الدين مصباح القاضى. aالطبعة الثانية 1aالقاهرة :bدار الفكر العربى ،c2002. a912 ؛ صفحةc24 سم. 2rda contentatext 2rda mediaaComputer 2rda carrieraOnline Resource aيحتوي على ارجاعات ببليوجرافية يحتوي على قائمة بالمراجع aالنص باللغة العربية14aتاديب العاملين بالقطاع العامxالقانون الإداري2qrmak1 2qrmak40uhttps://fll.law.cu.edu.eg/fulltext/bks/B07-01638.pdf a75 2ddccBKe21n0 c52161d52161 00102ddc40718القانون الإداريaCUbLAW1d2025-12-22l0oLaw1 07 345.4551 ن ص . ن 2 ed - 2002 0701638 C1pB07-01638r2025-12-22 16:26:43t1w2025-12-22yBK